| 000 | 00509nam a22001937a 4500 | ||
|---|---|---|---|
| 003 | OSt | ||
| 005 | 20140310182034.0 | ||
| 008 | 130814t xxu||||| |||| 00| 0 eng d | ||
| 020 | _a9971985276 | ||
| 050 |
_aBF 1701 _b.W235 1988 |
||
| 082 |
_aHS 133.5 _bWa17 1988 |
||
| 100 |
_aWalters, Derek _910464 |
||
| 245 |
_aCast your chinese horoscope / _cDerek Walters |
||
| 260 |
_bAsiapac Books, _cc1988. |
||
| 300 |
_a48 p. _bill. ; _c14 cm. |
||
| 650 |
_aHoroscope _910465 |
||
| 942 |
_2lcc _cHS |
||
| 999 |
_c8633 _d8633 |
||